Statistics for Fictional Characters by Picture - V

Click here to take the quiz!

General Stats

  • This quiz has been taken 1,107 times
    (673 since last reset)
  • The average score is 7 of 16

Answer Stats

Answer% Correct
Lord Voldemort
94%
Velma Dinkley
92%
Venom
86%
Venus
72%
Violet Parr
68%
Vito Corleone
49%
Vision
48%
Vincent Vega
40%
Vegeta
38%
Vanellope Von Schweetz
34%
Vaporeon
33%
Valkyrie
24%
Varys
23%
Vivian Ward
22%
Vampirina
15%
Vitalstatistix
6%

Score Distribution

Percentile by Number Answered

Percent of People with Each Score

Your Score History

You have not taken this quiz since the last reset